000 00459cam a22001577a 4500
008 180718b1995 xxu||||| |||| 00| 0 eng d
020 _a8170246881
082 _aN2x54 V14h
100 _aVadackumchery, James
245 _aHuman behaviour and law enforcement
_cby James Vadackumchery and John Kattakayam
260 _aDelhi
_bAshish
_c1995
300 _a222p.
650 _aHuman behaviour
650 _aLaw enforcement - India
700 _aKattakayam, John
999 _c378480
_d378480